| 000 | 01713nam0a22003011 4500 | ||
|---|---|---|---|
| 001 | v19\rc\1643739 | ||
| 005 | 20260407113534.0 | ||
| 035 | _a(NLR Aleph) 004756470 | ||
| 090 |
_a4562102 _c4562102 |
||
| 100 | _a20061002d1886 |||y0rusy50 ca | ||
| 101 | 0 | _arus | |
| 102 | _aRU | ||
| 105 | _aa z ||||| | ||
| 200 | 1 |
_aДоклад соединенного присутствия Правления и Финансово-организационной комиссии чрезвычайному общему собранию 4 мая 1886 г. по вопросу об облегчении положения металлических заемщиков Общества _fО-во взаимного поземельного кредита |
|
| 210 |
_a[Санкт-Петербург] _dценз. 1886 |
||
| 215 |
_a[2], 10 с., 1 л. табл. _d30 |
||
| 309 | _aБез тит. л. и обл. | ||
| 311 | _a1-ое приложение, ценз. 1886 (шифр: 18.158.1.150(2)) | ||
| 311 | _a2-ое приложение, ценз. 1886 (шифр: 18.158.1.150(3)) | ||
| 421 | 0 |
_11010#$arus _12001#$a1-ое приложение _1210##$dценз. 1886 _1215##$a[2], 71 с. _1899##$aNLR$j18.158.1.150(2) _t1-ое приложение |
|
| 421 | 0 |
_11010#$arus _12001#$a2-ое приложение _1210##$dценз. 1886 _1215##$a38 с., 1 л. табл. _1899##$aNLR$j18.158.1.150(3) _t2-ое приложение |
|
| 710 | 0 | 2 |
_aОбщество взаимного поземельного кредита _cПетербург _3RU\NLR\AUTH\889944099 _9383379 |
| 801 | 0 |
_aRU _bNLR _gpsbo |
|
| 801 | 0 |
_aRU _bRuMoRGB _2psbo |
|
| 801 | 1 |
_aRU _bProSoft-M _2rusmarc |
|
| 852 |
_aNLR _j18.158.1.150(1) |
||
| 942 | _cBOOK | ||
| 980 | _aNB | ||